Villes de France - Classement - Statistiques

Statistiques générales
  • Ce quiz a été pris 75 fois
  • Le résultat moyen est 5 sur 20
Statistiques - réponses
Nommez... Villes % Correct
Une des 10 villes où l'insécurité est la pire Sarcelles | Grenoble | Nantes | Montpellier | Saint-Denis | Villeneuve-Saint-Georges | Strasbourg | Vaulx-en-Velin | Avignon | Creil
76%
Une des 10 villes où il fait le moins bon vivre en 2021 Sarcelles | Villeneuve-Saint-Georges | Creil | Ivry-sur-Seine | Carcassonne | Saint-Denis | Vaulx-en-Velin | Bondy | Vitry-sur-Seine | Perpignan
58%
Une des 10 villes où l'environnement est le moins agréable Ivry-sur-Seine | Saint-Denis | Sarcelles | Villeneuve-Saint-Georges | Longjumeau | Bondy | Lille | Montreuil | Villeurbanne | Bagnolet
52%
Une des 10 villes à la pire qualité de vie Sarcelles | Villeneuve-Saint-Georges | Creil | Ivry-sur-Seine | Saint-Denis | Vitry-sur-Seine | Vaulx-en-Velin | Bondy | Carcassonne | Strasbourg
38%
Une des 10 villes les moins bien pourvues en matière de santé Laval | Orléans | Bourges | Creil | Fougères | Sarcelles | Digne-les-Bains | Saint-Denis | Carcassonne | Arles
34%
Une des 10 villes les moins bien pourvues en matière d'équipements de loisirs et de sport Carcassonne | Arles | Villeneuve-Saint-Georges | Creil | Sarcelles | Laval | Ivry-sur-Seine | Saint-Denis | Perpignan | Bondy
27%
Une des 10 villes les moins bien pourvues en matière d'équipements d'enseignement Sarcelles | Vaulx-en-Velin | Creil | Bagneux | Ivry-sur-Seine | Saint-Denis | Villeneuve-Saint-Georges | Bondy | Carcassonne | Bagnolet
27%
Une des 10 villes les moins bien pourvues en matière de commerces Villeneuve-Saint-Georges | Gagny | Bagneux | Creil | Ivry-sur-Seine | Saint-Cyr-l'Ecole | Gennevilliers | Carcassonne | Vitry-sur-Seine | Saint-Denis
27%
Une des 10 villes les mieux pourvues en matière de santé Antony | Angers | Levallois-Perret | Nogent-sur-Marne | Nancy | Vincennes | Suresnes | Le Raincy | Aix-les-Bains | Saint-Cloud
23%
Une des 10 villes disposant des pires transports Fougères | Carcassonne | Digne-les-Bains | Narbonne | Bordeaux | Arles | Annecy | Perpignan | Pontault-Combault | Bagnols-sur-Cèze
23%
Une des 10 villes les moins bien pourvues en matière d'équipements de culture Sarcelles | Villeneuve-Saint-Georges | Creil | Bondy | Carcassonne | Digne-les-Bains | Vanves | Vaulx-en-Velin | Perpignan | Laval
23%
Une des 10 villes où il fait le plus bon vivre en 2021 Aix-les-Bains | Saint-Maur-des-Fossés | Maisons-Laffitte | Vincennes | Antony | Sceaux | Joinville-le-Pont | Le Perreux-sur-Marne | Le Raincy | Saint-Gratien
18%
Une des 10 villes les mieux pourvues en matière d'équipements d'enseignement Sceaux | Saint-Maur-des-Fossés | Saint-Germain-en-Laye | Le Raincy | Montgeron | Antony | Versailles | Nogent-sur-Marne | Le Vésinet | Angers
18%
Une des 10 villes les mieux pourvues en matière d'équipements de culture Yerres | Noisy-le-Grand | Vincennes | Versailles | Angers | Montgeron | Sceaux | Le Creusot | Saint-Gratien | Antony
18%
Une des 10 villes où l'environnement est le plus agréable Aix-les-Bains | Le Vésinet | Maisons-Laffitte | Sceaux| Saint-Cloud | Le Creusot | Bessancourt | Le Plessis-Robinson | Meudon | Brunoy
15%
Une des 10 villes à la meilleure qualité de vie Aix-les-Bains | Le Vésinet | Maisons-Laffitte | Joinville-le-Pont | Brunoy | Le Perreux-sur-Marne | Sceaux | Saint-Maur-des-Fossés | Saint-Gratien | Le Raincy
13%
Une des 10 villes les mieux pourvues en matière d'équipements de loisirs et de sport Aix-les-Bains | Maisons-Laffitte | Puteaux | Levallois-Perret | Montigny-le-Bretonneux | Antony | Nogent-sur-Marne | Saint-Gratien | Saint-Maur-des-Fossés | Guyancourt
13%
Une des 10 villes les mieux pourvues en matière de commerces Le Raincy | Vincennes | Boulogne-Billancourt | Levallois-Perret | Saint-Germain-en-Laye | Saint-Maur-des-Fossés | La Garenne-Colombes | Nogent-sur-Marne | Saint-Gratien
11%
Une des 10 villes où la sécurité est la meilleure Maisons-Laffitte | Le Raincy | Le Plessins-Robinson | Saint-Maur-des-Fossés | Le Vésinet | Levallois-Perret | Nogent-sur-Marne | Joinville-le-Pont | Puteaux | Le Perreux-sur-Marne
11%
Une des 10 villes disposant des meilleurs transports Vincennes| Maisons-Alfort| Viroflay | Chelles | Massy | Joinville-le-Pont | Saint-Mandé | Pantin | Montrouge | Puteaux
11%
Aucun quiz correspondant
Distribution des résultats
% des personnes avec chaque résultat
Percentile par nombre de réponses
Votre historique - résultats
Vous n’avez pas pris ce quiz